Public policy making : process and principles /

Bibliographic Details
Main Author: Gerston, Larry N.
Format: Book
Language:English
Published: Armonk, N.Y. : M.E. Sharpe, [2004]
Edition:2nd ed.
Subjects:

MARC

Tag First Indicator Second Indicator Subfields
LEADER 00000cam a22000004a 4500
001 in00001812921
005 20151026051449.0
008 030725s2004 nyua b 001 0 eng
010 |a  2003016902 
020 |a 076561202X (hardcover : alk. paper) 
035 |a (OCoLC)ocm52750247 
040 |a DLC  |c DLC  |d TXA  |d UtOrBLW 
042 |a pcc 
043 |a n-us--- 
049 |a TXAM 
050 0 0 |a JK468.P64  |b G47 2004 
082 0 0 |a 320.6/0973  |2 22 
100 1 |a Gerston, Larry N. 
245 1 0 |a Public policy making :  |b process and principles /  |c Larry N. Gerston. 
250 |a 2nd ed. 
264 1 |a Armonk, N.Y. :  |b M.E. Sharpe,  |c [2004] 
264 4 |c ©2004 
300 |a x, 169 pages :  |b illustrations ;  |c 24 cm. 
336 |a text  |b txt  |2 rdacontent 
337 |a unmediated  |b n  |2 rdamedia 
338 |a volume  |b nc  |2 rdacarrier 
504 |a Includes bibliographical references (pages 143-158) and index. 
505 0 |a The context of public policy -- Triggering mechanisms : catalysts for public policies -- The public agenda : focal point for policy decisions -- The policy makers : roles and realities -- Implementation : converting policy commitments into practice -- Evaluation : assessments and directions -- Public policy making in an evolutionary context. 
650 0 |a Political planning  |z United States. 
650 0 |a Policy sciences. 
651 0 |a United States  |x Politics and government. 
948 |a cataloged  |b h  |c 2004/2/27  |d c  |e dmitchel  |f 10:10:10 am 
994 |a E0  |b TXA 
999 |a MARS 
999 f f |s 9c2799fd-b516-39f8-b0f5-5fb1ab0a1180  |i 8f43564b-b1a2-33ff-929c-b4063f455cd9  |t 0 
952 f f |p ric  |a Texas A&M University  |b Rellis Campus  |c Joint Library Facility  |d Remote Storage  |t 0  |e JK468.P64 G47 2004  |h Library of Congress classification  |i unmediated -- volume  |m A14831198964 
998 f f |a JK468.P64 G47 2004  |t 0  |l Remote Storage